Пропуск в контексте

Правоведение учебное пособие

В учебном пособии представлены вопросы теории государства и права, вопросы и задания для самоконтроля и самостоятельной работы студентов, список рекомендуемой литературы. Предназначено для студентов всех направлений, изучающих данный курс....

Fuld beskrivelse

Сохранить в:
Bibliografiske detaljer
Hovedforfatter: Гайнутдинова Е. А.
Format: Книга
Sprog:Russian
Udgivet: Ижевск УдГАУ 2022
Fag:
Online adgang:https://e.lanbook.com/book/454313
https://e.lanbook.com/img/cover/book/454313.jpg
Tags: Tilføj Tag
Ingen Tags, Vær først til at tagge denne postø!
LEADER 02135nam0a2200457 i 4500
001 454313
003 RuSpLAN
005 20250516154058.0
008 250516s2022 ru gs 000 0 rus
040 |a RuSpLAN 
041 0 |a rus 
044 |a ru 
080 |a 34(075.8) 
084 |a (67.0я73)  |2 rubbk 
245 0 0 |a Правоведение  |b учебное пособие  |c Гайнутдинова Е. А. 
260 |a Ижевск  |b УдГАУ  |c 2022 
300 |a 84 с. 
504 |a Библиогр.: доступна в карточке книги, на сайте ЭБС Лань 
520 8 |a В учебном пособии представлены вопросы теории государства и права, вопросы и задания для самоконтроля и самостоятельной работы студентов, список рекомендуемой литературы. Предназначено для студентов всех направлений, изучающих данный курс. 
521 8 |a Книга из коллекции УдГАУ - Право. Юридические науки 
521 8 |a СЭБ 
653 0 |a государство 
653 0 |a теория государства 
653 0 |a функции государства 
653 0 |a механизм государства 
653 0 |a форма государства 
653 0 |a правовое государство 
653 0 |a конституция рф 
653 0 |a право 
653 0 |a теория права 
653 0 |a нормы права 
653 0 |a источники права 
653 0 |a система права 
653 0 |a правоотношение 
653 0 |a юридические факты 
653 0 |a правонарушения 
653 0 |a юридическая ответственность 
100 1 |a Гайнутдинова Е. А. 
856 4 |u https://e.lanbook.com/book/454313 
856 4 8 |u https://e.lanbook.com/img/cover/book/454313.jpg 
953 |a https://e.lanbook.com/img/cover/book/454313.jpg